The State of Pakistan / (Record no. 360034)

000 -LEADER
fixed length control field 00818 a2200157 4500
003 - CONTROL NUMBER IDENTIFIER
control field NUST
005 - DATE AND TIME OF LATEST TRANSACTION
control field 20230222134054.0
008 - FIXED-LENGTH DATA ELEMENTS--GENERAL INFORMATION
fixed length control field 230222b ||||| |||| 00| 0 eng d
082 ## - DEWEY DECIMAL CLASSIFICATION NUMBER
Classification number 954.904,WIL
100 ## - MAIN ENTRY--PERSONAL NAME
Personal name Wilians, L F R
9 (RLIN) 109496
245 ## - TITLE STATEMENT
Title The State of Pakistan /
Statement of responsibility, etc. L. F. Rushbrook Williams
260 ## - PUBLICATION, DISTRIBUTION, ETC.
Place of publication, distribution, etc. London
Name of publisher, distributor, etc. Faber and Faber
Date of publication, distribution, etc. 1962
300 ## - PHYSICAL DESCRIPTION
Extent 254p.
505 ## - FORMATTED CONTENTS NOTE
Formatted contents note Why Pakistan Emerged (Page-15), Fighting for life (Page-31), The North West Frontier (Page-62), Tragedy in Kashmir (Page-80), Parting of the way (Page-97), Infirmity of purpose (Page-126), Chasing a constitution (Page-135), Political record (Page-145), Some economic foundations (Page-155), Revolution and renaissance (Page-179), Bases of Democracy (Page-199), An end and a beginning (Page-231).
942 ## - ADDED ENTRY ELEMENTS (KOHA)
Institution code [OBSOLETE] NUST-CAE
Koha item type Book
Source of classification or shelving scheme
Call number prefix 954.904,WIL
Holdings
Withdrawn status Lost status Source of classification or shelving scheme Damaged status Not for loan Permanent Location Current Location Shelving location Date acquired Full call number Barcode Date last seen Price effective from Koha item type Public note
          Military College of Signals (MCS) Military College of Signals (MCS) General Stacks 02/22/2023 954.904,WIL MCS29161 02/22/2023 02/22/2023 Book Almirah No. 62, Shelf No. 1
© 2023 Central Library, National University of Sciences and Technology. All Rights Reserved.